<?xml version="1.0" encoding="UTF-8"?>
<collection xmlns="http://www.loc.gov/MARC21/slim">
  <record>
    <leader>00000nam  2200000   4500</leader>
    <controlfield tag="001">INLIS000000000005205</controlfield>
    <controlfield tag="005">20190425020708</controlfield>
    <datafield tag="035" ind1="#" ind2="#">
      <subfield code="a">0010-0419000165</subfield>
    </datafield>
    <datafield tag="245" ind1="1" ind2="#">
      <subfield code="a">Tata Kelola Terpadu Kawasan Taman Wisata Alam Bukit Kelam Dinas Pemuda Olahraga dan Pariwisata Kabupaten Sintang Kalimantan Barat /</subfield>
      <subfield code="c">Hendrika, S.Sos., M.Si</subfield>
    </datafield>
    <datafield tag="100" ind1=" " ind2="#">
      <subfield code="a">Hendrika</subfield>
    </datafield>
    <datafield tag="250" ind1="#" ind2="#">
      <subfield code="a">1</subfield>
    </datafield>
    <datafield tag="300" ind1="#" ind2="#">
      <subfield code="a">63 halaman :</subfield>
      <subfield code="b">ilustrasi ;</subfield>
      <subfield code="c">30 cm</subfield>
    </datafield>
    <datafield tag="260" ind1="#" ind2="#">
      <subfield code="a">Samarinda :</subfield>
      <subfield code="b">PKP2A III LAN,</subfield>
      <subfield code="c">2018</subfield>
    </datafield>
    <datafield tag="084" ind1="#" ind2="#">
      <subfield code="a">PII 173 2018</subfield>
    </datafield>
    <datafield tag="650" ind1="#" ind2="#">
      <subfield code="a">Proyek Perubahan</subfield>
    </datafield>
    <datafield tag="500" ind1="#" ind2="#">
      <subfield code="a">Coach : Muchlis Syahrani&#13;
Penguji : Dr. Ir. Nursigit, M.Si.&#13;
Mentor : Dra. Yosepha Hasnah, M.Si</subfield>
    </datafield>
    <datafield tag="990" ind1="#" ind2="#">
      <subfield code="a">PII/173/2018</subfield>
    </datafield>
  </record>
</collection>
